| 000 | 00425 a2200169 4500 | ||
|---|---|---|---|
| 020 | _a817611409X | ||
| 022 | _a9788176114097 | ||
| 082 | _a658.155 | ||
| 090 |
_c2753 _d2753 |
||
| 100 | _aTayal,Pravin Kumar | ||
| 245 |
_aNew Trends in Risk Management _cPravin Kumar Tayal |
||
| 250 | _a1st | ||
| 260 |
_aJaipur _bDeepak Parnami R B S A _c2007 |
||
| 300 | _a180p | ||
| 500 | _aPaper cover | ||
| 942 |
_aNBS _cBK _k658.155 TAY |
||
| 999 |
_c345244 _d345244 |
||